[Event "UzChess Cup Masters TB1"]
[Site "Tashkent UZB"]
[Date "2025.06.27"]
[Round "1"]
[White "Abdusattorov, Nodirbek"]
[Black "Sindarov, Javokhir"]
[Result "1/2-1/2"]
[Annotator "Tactical Analysis 7.0"]
[WhiteElo "2767"]
[BlackElo "2710"]
[PlyCount "109"]
[GameId "2193710994993153"]
[EventDate "2025.06.27"]

1. e4 e5 2. Nf3 Nc6 3. d4 exd4 4. Nxd4 Nf6 5. Nxc6 bxc6 6. e5 Qe7 7. Qe2 Nd5 8. Nd2 {8.h4 is setting a new trend.} (8. g3 {is superior.}) 8... Nf4 {C45: Scotch Game.} 9. Qe3 Ne6 (9... Nd5 $11 10. Qe2 Nf4) 10. Bd3 $146 ({Predecessor:} 10. Be2 Qc5 11. Qxc5 Bxc5 12. Ne4 Be7 13. Be3 d5 14. exd6 cxd6 15. O-O-O d5 16. Ng3 {0-1 Das,A (2459)-Sasikiran,K (2700) IND-chT 32nd Panaji 2012 (6)}) 10... d5 {White is slightly better.} 11. exd6 cxd6 12. O-O Qd8 ({Black should try} 12... g6 $14) 13. Nf3 {White has more active pieces.} (13. Re1 $16) 13... Be7 14. Bd2 Bd7 15. Bc3 (15. Nd4 $16) 15... O-O 16. Rad1 Bf6 17. Qd2 Re8 18. Rfe1 Bxc3 19. Qxc3 Qf6 {Prevents Bf5.} 20. Qxf6 gxf6 21. c4 Rad8 22. Bc2 Bc8 23. g3 (23. Ba4 $16) 23... Ba6 (23... Ng5 $11 {keeps the balance.} 24. Nxg5 (24. Rxe8+ Rxe8 25. Nxg5 fxg5 $11) 24... fxg5) 24. b3 d5 25. cxd5 $1 cxd5 26. Bd3 Bxd3 27. Rxd3 Rd7 28. Nd4 Kg7 29. Rde3 Nxd4 30. Rxe8 {[%mdl 4096] [#] Endgame KRR-KRN} Nf3+ 31. Kf1 Nxe1 32. Kxe1 $16 {KR-KR} f5 {[%cal Bf6f5,Bf5f4][%mdl 32]} 33. Kd2 f4 34. Kd3 Kf6 35. Kd4 Kg5 (35... Rc7 $16) 36. f3 $18 fxg3 37. hxg3 h5 38. Re5+ $2 (38. Ra8 $18) 38... f5 $11 39. Re8 {[#]} (39. Rxd5 Rxd5+ 40. Kxd5 f4 41. gxf4+ Kxf4 $19) 39... Rc7 (39... f4 $11 40. Rg8+ Kh6) 40. Rg8+ Kf6 {[%cal Of5f4]} 41. f4 (41. Rf8+ $14 Ke6 42. Rh8) 41... Rc2 {The position is equal.} 42. a4 Rd2+ 43. Kc3 Rg2 44. Rg5 h4 45. gxh4 Rf2 46. h5 Rf3+ 47. Kc2 Rf2+ 48. Kd3 Rxf4 49. Rg6+ Ke5 50. h6 Rf3+ 51. Kc2 Rf2+ 52. Kd3 Rf3+ 53. Kc2 Rf2+ 54. Kd3 {and b4 would now be decisive} Rf3+ {Black defended with fortune.   Weighted Error Value: White=0.15 (very precise) /Black=0.15 (very precise)} 55. Kc2 1/2-1/2

[Event "UzChess Cup Masters TB1"]
[Site "Tashkent UZB"]
[Date "2025.06.27"]
[Round "2"]
[White "Praggnanandhaa, R."]
[Black "Abdusattorov, Nodirbek"]
[Result "1-0"]
[Annotator "Tactical Analysis 7.0"]
[WhiteElo "2767"]
[BlackElo "2767"]
[PlyCount "82"]
[GameId "2193716074840330"]
[EventDate "2025.06.27"]

1. d4 Nf6 2. Nf3 d5 3. e3 Bf5 4. Bd3 e6 5. Bxf5 exf5 6. c4 {D04: Colle System.} c6 7. Qb3 Qb6 8. Nc3 {White has an edge.} Qxb3 $146 ({Predecessor:} 8... dxc4 9. Qxc4 Bd6 10. Qd3 g6 11. e4 fxe4 12. Nxe4 Bb4+ 13. Bd2 Nbd7 14. Nxf6+ Nxf6 {0-1 Charnushevich,A (2501)-Granda Zuniga,J (2640) Nancy-A 2010 (4)}) 9. axb3 Nbd7 10. Bd2 a6 11. Ke2 Bd6 12. cxd5 cxd5 (12... Nxd5 $14 13. Nxd5 cxd5) 13. Nb5 $18 {[%mdl 64] Pin} Ne4 {[#]} 14. Ng5 Ke7 $14 {[%cal Be8e7,Be7d7,Bd7e6][%mdl 32]} 15. Nxd6 Nxd6 16. Bb4 $36 {[%mdl 2048] Black is under pressure. White is more active.} {White leaves nothing to chance now.} Raf8 $2 ({Better is} 16... Rhc8 $14) 17. Ra5 {[%cal Ba1a5,Ba5c5,Bc5c2][%mdl 32]} Nf6 {[%cal Bd7f6,Bf6e4,Be4d6,Bd6f5][%mdl 32]} 18. Rc1 Kd7 19. Rac5 Nb5 {Inhibits Rc7+.} (19... Rc8 20. Rxc8 Rxc8 21. Rxc8 Nxc8) 20. R5c2 Re8 21. Kd3 (21. Nxf7 Nxd4+ 22. Kd3 Nxc2 23. Rxc2 Rhg8 $17) 21... Rhg8 (21... Rc8 22. Nxf7 Rxc2 23. Rxc2 Re8) 22. Nxf7 $18 Ne4 {Black is weak on the dark squares} 23. f3 Ke6 24. Ne5 Ned6 25. h4 {[%cal Bh2h4,Bh4h5][%mdl 32]} g6 {[%cal Bg7g6,Bg6g5][%mdl 32]} 26. h5 g5 27. g4 fxg4 28. Nxg4 (28. fxg4 $6 Rgf8 $16) 28... Nf5 29. Ne5 h6 30. Ng4 Rg7 31. Rc8 Rgg8 {[%cal Bg7g8,Bg8e8,Be8h8,Bh8h7][%mdl 32]} 32. Rxe8+ Rxe8 33. Rc2 Rh8 34. Be1 Ng7 35. Bg3 {[#] And now Be5 would win.} Nxh5 $2 (35... Rf8 {was called for.} 36. Be5 (36. Nxh6 Rxf3 37. Bb8 Nxh5 $11) 36... Nf5) 36. Be5 {White is clearly winning.} Rh7 37. Rh2 Ng7 38. Nf6 {Prevents Ne8.} ({Less strong is} 38. Nxh6 Ne8 39. e4 Nbd6 $16) (38. Rxh6+ Rxh6 39. Nxh6 Nh5 $16) 38... Rh8 39. Nh5 Nxh5 40. Bxh8 Ng3 41. Rxh6+ {An entertaining game by Praggnanandhaa.   Weighted Error Value: White=0.17 (very precise) /Black=0.40} Kf5 1-0

[Event "UzChess Cup Masters TB1"]
[Site "Tashkent UZB"]
[Date "2025.06.27"]
[Round "3"]
[White "Sindarov, Javokhir"]
[Black "Praggnanandhaa, R."]
[Result "1-0"]
[Annotator "Tactical Analysis 7.0"]
[WhiteElo "2710"]
[BlackElo "2767"]
[PlyCount "133"]
[GameId "2193719738044991"]
[EventDate "2025.06.27"]

1. e4 d5 2. exd5 Qxd5 3. Nc3 Qa5 4. d4 Bf5 5. Nf3 e6 6. Bd3 {B01: Scandinavian Defence.} (6. Ne5 $16) 6... Bxd3 $11 7. Qxd3 Nf6 8. O-O {White has an edge.} Be7 9. Bf4 c6 {Inhibits Qb5.} 10. Ne4 Nxe4 11. Qxe4 Nd7 12. Ne5 Nf6 13. Qe2 O-O 14. Rfd1 $146 ({Predecessor:} 14. Rfe1 Rad8 15. c3 c5 16. dxc5 Qxc5 17. Rad1 Nd5 18. Bg3 Qa5 19. a3 Qb6 20. h3 {Â½-Â½ Kraljevic,I (2128)-Mustafic,I (2112) MNT-chT Cetinje 2010 (2)}) 14... Rad8 15. a4 Nd7 {[%cal Bf6d7,Bd7f8,Bf8g6][%mdl 32]} 16. Nf3 Rfe8 17. c3 Bf6 18. Bg3 (18. g4 $14) 18... h6 19. h3 Nf8 20. Ne5 Bxe5 21. Bxe5 Ng6 22. Bg3 Rd7 23. Re1 {[%cal Bd1e1,Be1e4,Be4c4][%mdl 32]} Red8 24. Qc2 c5 25. dxc5 Qxc5 26. Rad1 {Repels Rd2} Qc6 27. Rxd7 Qxd7 28. Re4 Qc6 29. Qe2 Ne7 30. Bh4 Qe8 31. Rc4 Rd7 32. Bxe7 Qxe7 {[%mdl 4096] Endgame KQR-KQR} 33. Rc8+ Rd8 34. Qc4 Qd7 35. Rxd8+ Qxd8 {KQ-KQ} 36. b4 g5 37. a5 Qd7 38. Qc5 a6 39. c4 Kg7 ({Better is} 39... Qd2 $14) 40. b5 $1 $16 Qd1+ 41. Kh2 Qd2 $2 (41... Qd3 $16) 42. b6 $2 (42. Qe5+ $18 f6 43. Qc7+ (43. Qxe6 Qf4+ 44. Kh1 Qc1+ 45. Kh2 Qf4+ 46. Kh1 Qc1+ 47. Kh2 Qf4+ $11) 43... Kg6 44. Qxb7 Qf4+ 45. g3 Qxf2+ 46. Qg2) 42... Qf4+ $1 $14 43. Kg1 Qc1+ 44. Kh2 Qf4+ 45. g3 Qe4 46. Kg1 (46. Qb4 $1 $14) 46... Qe1+ $11 47. Kg2 Qe4+ 48. Kg1 Qe1+ 49. Kh2 Qe4 (49... Qe2 $11 {should be considered.}) 50. Qc7 (50. Qb4 $14) 50... h5 (50... e5 $11) 51. c5 (51. Qe7 $16) 51... Qf3 (51... Kg6 $1 $14) 52. Qe5+ $1 $18 f6 {[#]} 53. Qe3 (53. Qd4 $1 $16) 53... Qd5 $2 (53... Qc6 $1 $14) 54. Qc3 $2 ({White should play} 54. Qc1 $18) 54... Qc6 $14 55. Qd4 Kf7 $1 {[%cal Og5g4]} 56. Kg1 Ke7 $2 {[#]} (56... e5 $16 {was called for.} 57. Qc4+ Kf8) 57. h4 $2 (57. Qd3 $1 $18 {is the precise move to win.}) 57... Qd7 $2 {[%mdl 8192]} (57... e5 $16 58. Qc4 gxh4) 58. Qe4 f5 59. Qe5 gxh4 60. gxh4 Qd1+ 61. Kh2 {[%cal Oc5c6] aiming for c6!.} Qf3 62. Qg7+ Ke8 63. Qg3 Qxg3+ $2 (63... Qe4 $18 64. Qg6+ Kd7 65. Qxh5 Qd4) 64. Kxg3 Kd7 65. Kf4 Kc6 66. Kg5 Kb5 {Weighted Error Value: White=0.34/Black=0.38} 67. c6 (67. Kg6 $142 Kxc5 68. Kxh5) 1-0

[Event "UzChess Cup Masters TB1"]
[Site "Tashkent UZB"]
[Date "2025.06.27"]
[Round "5"]
[White "Abdusattorov, Nodirbek"]
[Black "Praggnanandhaa, R."]
[Result "1-0"]
[Annotator "Tactical Analysis 7.0"]
[WhiteElo "2767"]
[BlackElo "2767"]
[PlyCount "209"]
[GameId "2193726339978302"]
[EventDate "2025.06.27"]

1. e4 e5 2. Nf3 Nc6 3. g3 Nf6 4. d3 d5 5. exd5 Nxd5 6. Bg2 Bd6 {seems to push 6...Be7 aside. C44: Ponziani Opening and Scotch Gambit.} 7. O-O O-O 8. a3 Re8 (8... a5) 9. b4 $11 Nf6 $146 ({Predecessor:} 9... Bg4 10. h3 Bh5 11. Bb2 f5 12. c4 Nf6 13. Nbd2 Bf8 14. Qc2 e4 15. dxe4 fxe4 {1-0 Rapport,R (2763)-Caruana,F (2792) Gashimov Memorial Rapid 7th Baku 2021 (3.2)}) 10. Nbd2 a6 11. Bb2 Bg4 12. h3 Bf5 13. Ng5 (13. Re1 $16) 13... Qd7 14. Kh2 Rad8 15. Nde4 Nxe4 16. Nxe4 Bg6 17. Qd2 Bf8 18. Rfe1 Nd4 19. Nc5 Bxc5 20. bxc5 {[#]} e4 21. Qc3 $14 exd3 (21... Qa4 $16 {was worth a try.}) 22. cxd3 $2 (22. Bxb7 $2 Rxe1 (22... dxc2 23. c6 $16) 23. Rxe1 c6 (23... dxc2 24. Qxd4 Qxd4 25. Bxd4 $14) 24. Qxd4 (24. Bxa6 $2 Nf3+ 25. Kg2 Nxe1+ 26. Kh2 Nf3+ 27. Kg2 Ne1+ 28. Kh2 f6 $19) 24... Qxd4 25. Bxd4 d2 $19) ({White should try} 22. Qxd4 $18 Qxd4 23. Rxe8+ (23. Bxd4 $2 Rxe1 24. Rxe1 d2 $19) 23... Rxe8 24. Bxd4 dxc2 25. Bxb7) 22... Rxe1 23. Rxe1 f6 24. Bxb7 (24. Qb4 $14) 24... Nb5 $2 (24... Qf5 $1 $11 25. Kg1 (25. Bxa6 Qxf2+ 26. Kh1 Nf3 27. Bc4+ Kh8) 25... Nf3+ 26. Bxf3 Qxf3) 25. Qc4+ Bf7 26. Qb4 (26. Qf4 $1 $18) 26... Qxd3 27. a4 (27. Bxa6 $5 Qf3 28. Qf4 $11 (28. Qxb5 $2 Qxf2+ 29. Kh1 Bd5+)) 27... Nd4 28. Re3 Qd1 29. Bxd4 Rxd4 30. Qa5 {[%mdl 8192] [#]} (30. Re1 $11 {and White is okay.} Rxb4 (30... Qxa4 31. Qxa4 Rxa4 32. Re7 $11) 31. Rxd1) 30... Rd2 $1 $19 (30... Qxa4 $2 31. Qxc7 (31. Qxa6 Qxa6 32. Bxa6 Ra4 $11) 31... g6 32. Qb6 $18 (32. Re7 Qa2 $16)) 31. Kg2 Qc2 $2 (31... Bc4 $19 {[%cal Od2f2] ( -> ...Rxf2+!)} 32. Re8+ Kf7 33. Qxd2 Qxd2) 32. Rf3 (32. Qxc7 $14 Rxf2+ (32... Qxa4 $2 33. Qb8+ $18) 33. Kg1 Rf1+ {[%mdl 64] Decoy} 34. Kxf1 Bc4+ 35. Kg1 Qc1+ 36. Kh2 Qxe3 37. Bg2) 32... h6 33. Qxc7 Qb1 $2 (33... Qxa4 $14 34. Qc8+ Kh7) 34. Re3 $40 {[%mdl 128] White attacks with force.} (34. Bxa6 $2 Bd5 $19) 34... Bg6 (34... Bc4 $2 35. Qc8+ (35. Re8+ Kh7 $18) 35... Kh7 36. Be4+ $18 (36. Bxa6 $2 Rxf2+ {[%mdl 64] Decoy} 37. Kxf2 Qf1#)) (34... Qf5 $142 35. Rf3 (35. Bxa6 $2 Qxf2+ 36. Kh1 Qh2#) 35... Bd5 {[%mdl 64] Pin} 36. Qd8+ Kf7 37. Bxd5+ (37. Bxa6 $2 Qxf3+ 38. Kh2 Qxf2#) 37... Qxd5 38. Qxd5+ Rxd5) 35. Bf3 $2 (35. Bxa6 Be4+ 36. Rf3 Bxf3+ 37. Kxf3 Qh1+ 38. Kg4 Rd4+ (38... Rxf2 $2 39. Qc8+ Kh7 40. Bd3+ f5+ 41. Bxf5+ Rxf5 42. Qxf5+ Kh8 43. Qf8+ Kh7 44. Qf3 $18) (38... Qe4+ $2 39. f4 $19)) (35. Re7 $18 Kf8 36. Bf3 (36. Rxg7 Be4+ 37. Bxe4 Qxe4+ 38. Kh2 Rxf2+ 39. Kg1 Qg2#)) 35... Qc2 $11 {[%csl LRa4,LRf2]} 36. Qb8+ Kh7 37. Kg1 Rxf2 (37... Qc1+ $11 38. Kg2 Qxc5) 38. Qb3 $14 Qd2 39. Qc3 Qa2 {[%cal Of2c2] [#]} 40. Bd5 $1 {[%mdl 64] Deflection} Qc2 41. c6 {Active counter play!} Rd2 $2 {[%mdl 8192]} (41... Qf5 $11 {and Black is okay.} 42. Qe1 Rb2) 42. Qxc2 $18 Rxc2 {[%mdl 4096] Endgame KRB-KRB} 43. a5 $2 ({White must play} 43. Re7 $18) 43... h5 44. Re7 (44. Bf3 $14 {deserves consideration.}) 44... Bf5 $11 45. c7 Rc5 $1 46. Bb7 Bxh3 47. Bxa6 {Bd3+ is the strong threat.} Rxa5 48. c8=Q ({Don't play} 48. c8=R $6 Bxc8 (48... Rxa6 49. Rcc7 $16) 49. Bxc8 Kh6 $16) (48. c8=B Bxc8 49. Bxc8 Kh6 $14) 48... Bxc8 49. Bxc8 {KRB-KR} Ra2 50. Be6 Rb2 51. Rc7 Kh6 52. Rc5 Re2 53. Bf7 g6 54. Kf1 Rd2 55. Be8 Rd8 56. Bb5 f5 57. Kf2 Kg5 58. Rc6 Rd4 59. Bc4 h4 60. gxh4+ Rxh4 61. Bf7 Rf4+ 62. Ke3 Re4+ 63. Kd3 Kf4 64. Bxg6 Re3+ 65. Kd2 Re5 66. Rc1 Kg5 67. Rg1+ Kf6 68. Bh5 Re4 69. Bf3 Re7 70. Kd3 Re8 71. Kd4 Re7 72. Bd5 Re8 73. Kc5 Rc8+ 74. Kd4 Re8 75. Rf1 Rd8 76. Kc5 Rc8+ 77. Kd6 Rd8+ 78. Kc6 Ke5 {White must now prevent ...Rd6+.} 79. Re1+ Kf4 80. Kc5 Kg5 81. Kd4 Rb8 82. Ke5 Rb5 83. Rg1+ Kh4 84. Kf4 {[%cal Rg1h1]} Kh5 85. Be6 Kh6 86. Bxf5 Rb6 {Against Rg6+} 87. Ke5 Kh5 88. Be6 Rb4 89. Kf6 Kh4 90. Rg8 Ra4 91. Bf5 Rb4 92. Ke5 Kh5 93. Be4 Rb6 94. Rg7 Kh6 95. Rg1 Ra6 96. Bf5 Kh5 97. Rg7 Rb6 98. Be6 Rb4 99. Rg1 Ra4 100. Bd7 Rb4 101. Bc6 Rc4 102. Be4 {Intending Kf4 and mate.} Rb4 $2 {[%mdl 8192]} (102... Rc8 $11) 103. Kf4 {[%cal Rg1h1] White mates.} Ra4 104. Rc1 {[%cal Rc1h1]} Kh6 {[#]} {Weighted Error Value: White=0.58/Black=0.43} 105. Rc7 $1 1-0

[Event "UzChess Cup Masters TB1"]
[Site "Tashkent UZB"]
[Date "2025.06.27"]
[Round "6"]
[White "Praggnanandhaa, R."]
[Black "Sindarov, Javokhir"]
[Result "1-0"]
[Annotator "Tactical Analysis 7.0"]
[WhiteElo "2767"]
[BlackElo "2710"]
[PlyCount "75"]
[GameId "2193736997770525"]
[EventDate "2025.06.27"]

1. d4 Nf6 2. Nf3 g6 3. c4 Bg7 4. Nc3 O-O 5. e4 d6 6. h3 Qe8 {E90: King's Indian: Classical: Early deviations and 6 h3.} (6... e5 $14) 7. Be3 $16 e5 (7... Na6) 8. d5 (8. dxe5 $142 dxe5 9. Bc5) 8... Nh5 {White is better.} 9. Qc2 $5 {[%mdl 4] White is more active. Leaves trodden paths.} a5 $146 (9... b6 $14) ({Predecessor:} 9... f5 10. O-O-O a5 11. exf5 gxf5 12. g4 e4 13. Nd4 f4 14. gxh5 fxe3 15. fxe3 Bh6 16. Kb1 {0-1 Agdestein,S (2560)-Kanmazalp,O (2369) Riga Tech op 2nd 2012 (6)}) 10. O-O-O (10. c5 $16) 10... Na6 11. a3 (11. g3 $14) 11... Bd7 (11... f5 $1 $11) 12. Kb1 (12. Nd2 $14 {might be stronger.}) 12... f5 $1 $11 13. exf5 {[#]} gxf5 (13... Nb4 $1 $11 14. axb4 axb4) 14. g4 Nf4 (14... f4 $16 15. Bd2 (15. Ng5 Nf6 $11) 15... Nc5) 15. Bxf4 (15. Nh4 $18) 15... exf4 $16 16. Bd3 (16. Re1 Qg6 17. Nh4) 16... Nc5 17. Bxf5 (17. Rde1 $16 Qf7 18. Bxf5 Bxf5 19. gxf5) 17... Bxf5 (17... Rxf5 $14 18. gxf5 Qh5) 18. gxf5 Qh5 {[%csl LRf3,LRf5]} 19. Nd4 Bxd4 20. Rxd4 Qxf5 21. Rg1+ Kh8 22. Rg4 f3 23. Qxf5 (23. Ne4 $16) 23... Rxf5 $14 24. Kc2 a4 25. Ne4 {Threatens to win with Nxc5.} Re8 26. Nxc5 ({White should try} 26. Kc3 $1 $14) 26... Re2+ $11 27. Rd2 dxc5 {[%mdl 4096] Endgame KRR-KRR} 28. Kd1 (28. Rxe2 $11 fxe2 29. Kd2) 28... Rfe5 $15 29. Rxe2 Rxe2 {KR-KR} 30. Rf4 Rxf2 (30... Kg7 $15 31. Rxf3 Rxb2) 31. Ke1 (31. Rf7 $11 {and White has nothing to worry.}) 31... Rxb2 ({Better is} 31... Re2+ $19 32. Kd1 Rxb2 33. Rxf3 Kg7) 32. Rf7 $1 $11 b5 33. Rxc7 Re2+ 34. Kf1 b4 $2 {[%mdl 8192] [#]} (34... bxc4 $11 35. Rxc5 Kg7) 35. d6 $1 $18 Rd2 36. d7 {Threatening mate with Rc8+.} bxa3 37. Rc8+ (37. Rxc5 a2 (37... Rxd7 $2 38. Ra5 $19) 38. d8=Q+ Rxd8 39. Kf2 a1=Q (39... a1=B $2 40. Kxf3 Ra8 41. Rg5 $19) 40. Kxf3 Rd3+ (40... Qa3+ {is a self mate.} 41. Kg4 Rd4+ 42. Kf5 Qxc5+ 43. Kf6 Re4 44. h4 Qe7+ {[%mdl 64] Skewer} 45. Kf5 Qe5#) 41. Kg4 Qd4+ 42. Kg5 Rg3+ (42... Qxc5+ 43. Kf4 a3 44. h4 h5 45. Ke4 Re3+ 46. Kf4 Qe5#) 43. Kf5 Rf3+ (43... Qxc5+ 44. Kf6 Re3 45. h4 Qe5+ 46. Kf7 Qg7#) 44. Ke6 Rf6+ (44... Qxc5 45. h4 Re3+ 46. Kf6 Qe5+ 47. Kf7 Qg7#) 45. Ke7 Qd6+ 46. Ke8 Rf8#) 37... Kg7 {Weighted Error Value: White=0.28 (precise) /Black=0.50} 38. d8=Q 1-0

[Event "UzChess Cup Masters TB2"]
[Site "Tashkent UZB"]
[Date "2025.06.27"]
[Round "1"]
[White "Praggnanandhaa, R."]
[Black "Abdusattorov, Nodirbek"]
[Result "1/2-1/2"]
[Annotator "Tactical Analysis 7.0"]
[WhiteElo "2767"]
[BlackElo "2767"]
[PlyCount "148"]
[GameId "2193740091299488"]
[EventDate "2025.06.27"]

1. Nf3 d5 2. g3 c5 3. Bg2 Nf6 4. O-O Nc6 5. d4 cxd4 6. Nxd4 e5 7. Nxc6 bxc6 8. c4 Be7 9. Nc3 Be6 10. Qa4 {D02: 1 d4 d5 2 Nf3 sidelines, including 2...Nf6 3 g3 and 2...Nf6 3 Bf4.} (10. Bg5 $14) 10... O-O $15 11. Rd1 d4 12. Bg5 ({White should play} 12. Bxc6 $15 Rc8 13. b3) 12... Rb8 $146 (12... Qc7 $17 13. Nb1 Rab8) ({Predecessor:} 12... Qc7 13. Ne4 Nxe4 14. Bxe7 Nxf2 15. Bxf8 Nxd1 16. Bxg7 Nxb2 17. Qc2 Kxg7 18. Qxb2 Rb8 {0-1 Novosel,L (2353)-Benmesbah,N (2256) Titled Tuesday intern op 14th Feb Late Chess.com INT blitz 2023 (4)}) 13. b3 (13. Bxc6 $15 Rxb2 14. Bxf6 Bxf6 (14... gxf6 15. Nd5 $15) 15. Be4) 13... Qc7 14. Bxf6 (14. Ne4 $17) 14... gxf6 $19 15. Ne4 f5 16. Nd2 e4 17. c5 Bxc5 18. Rac1 Qb6 (18... Rb5 $142 {Threatens to win with ...Ra5.} 19. Nc4 Rd8) 19. Nc4 (19. g4 $142 Rfe8 (19... fxg4 20. Nxe4 Bb4 21. Rxc6 $16) (19... d3 20. e3 $15) 20. Kh1) 19... Qb5 20. Ne5 Rbc8 (20... Qxe2 21. Re1 Qb5 22. Qxb5 Rxb5 23. a4 $17) 21. g4 Rfe8 (21... Qxe2 $2 22. Bf1 (22. Nxc6 $2 d3 $19) 22... Qb2 23. Rxc5 $16) 22. Rc2 (22. h3 $142 Kg7 (22... Qxe2 $2 23. Bf1 $18) 23. Kf1) 22... Qxa4 (22... fxg4 23. Bxe4 Bxb3 24. Qxb5 cxb5 25. axb3 Rxe5 26. Bd3 $17) 23. bxa4 Bb6 (23... Bd6 24. Nxc6 $15) 24. Nxc6 $2 (24. a5 Bxa5 25. Nc4) 24... Bd7 (24... fxg4 25. Bxe4 Bd7 26. Bd5 $11) 25. Nxd4 Rxc2 (25... Bxa4 26. Rxc8 Rxc8 27. Nxf5 Bxd1 (27... Bxf2+ $2 28. Kxf2 e3+ 29. Kf3 $18) 28. Ne7+ Kg7 29. Nxc8 $17) 26. Nxc2 Bxa4 27. Rd2 fxg4 (27... Rc8 $19 {is more deadly.} 28. Nd4 Rc1+ (28... fxg4 29. Bxe4 Rd8 30. e3 $11) 29. Bf1 f4 (29... fxg4 30. Kg2 $17)) 28. Ne3 $17 Bxe3 29. fxe3 {[%mdl 4096] Endgame KRB-KRB. Black is a pawn up.} f5 30. Rd5 {Inhibits Re5.} Rf8 31. Ra5 {[%csl LRa4,LRa7]} Bd1 (31... Bd7 $15 {is superior.}) 32. Rxa7 (32. Kf2 $11) 32... Bxe2 33. Kf2 Bd3 34. Kg3 Rb8 35. h3 h5 36. hxg4 $1 hxg4 37. a4 $2 {[%mdl 8192]} (37. Ra5 $11 {and White is okay.}) 37... Rb2 $19 {[%cal Of5f4]} 38. Ra5 {[#]} Re2 $2 (38... f4+ $1 $19 39. exf4 e3) 39. Rxf5 $11 {The position is equal.} Rxe3+ 40. Kxg4 Re1 41. Re5 e3 42. Bf3 Kg7 43. Kf4 e2 {[#]} 44. Bxe2 Bxe2 {KRB-KR} (44... Rxe2 45. Rxe2) 45. Re3 Rf1+ 46. Ke5 Bc4 47. Kd4 Bf7 48. Kc5 Ra1 49. Kb5 Kf6 50. a5 Bd5 51. a6 Kf5 52. Kb6 Kf4 53. Re7 Kf5 54. a7 Kf6 55. Re8 Ra2 56. Re1 Kf7 57. Re5 Bg2 58. Ra5 Rb2+ 59. Rb5 Rd2 60. Re5 Rd6+ 61. Kc7 Rc6+ 62. Kb8 Rb6+ 63. Kc8 Ra6 64. Kb8 Kf6 65. Rb5 Re6 66. Rb2 {Threatens to win with Rf2+.} Bd5 67. Rb5 Re8+ 68. Kc7 Bg2 69. Rb2 Bd5 70. Rb5 Ke5 71. Rxd5+ Kxd5 72. Kb7 Re7+ 73. Kb8 Rxa7 74. Kxa7 {Weighted Error Value: White=0.38/Black=0.24 (precise)} Ke5 1/2-1/2

[Event "UzChess Cup Masters TB2"]
[Site "Tashkent UZB"]
[Date "2025.06.27"]
[Round "2"]
[White "Sindarov, Javokhir"]
[Black "Praggnanandhaa, R."]
[Result "0-1"]
[Annotator "Tactical Analysis 7.0"]
[WhiteElo "2710"]
[BlackElo "2767"]
[PlyCount "102"]
[GameId "2193746832115675"]
[EventDate "2025.06.27"]

1. e4 d5 2. exd5 Qxd5 3. Nc3 Qa5 4. d4 Bf5 5. Nf3 e6 6. Bd3 {B01: Scandinavian Defence.} (6. Ne5 $14) 6... Bxd3 7. Qxd3 {aiming for d5.} Nf6 8. O-O {The position is equal.} Be7 9. Bf4 c6 {Prevents Qb5} 10. Ne4 Nxe4 11. Qxe4 Nd7 12. Ne5 $146 ({Predecessor:} 12. c4 O-O 13. a3 Rfe8 14. b4 Qh5 15. Rfe1 a6 16. h3 Qg6 17. Qe2 Rac8 18. Rad1 h6 19. Bg3 Bf8 20. Nd2 Nf6 {1-0 George Micheal,K (2257)-Beulen,M (2359) Titled Tuesday intern op 27th Aug Late Chess.com INT blitz 2024 (9)}) 12... Rd8 13. Rfd1 O-O 14. a4 Nxe5 15. Bxe5 Bd6 16. Bxd6 Rxd6 17. c3 Rfd8 18. Rd3 g6 19. b4 Qd5 20. Re3 a5 21. bxa5 Qxa5 22. h4 b5 23. Qc2 (23. h5 $1 $11 {deserves consideration.}) 23... Ra8 $15 {[%cal Rb5a4]} 24. h5 $1 bxa4 25. h6 (25. Rh3 $15) 25... Rd7 ({Black should try} 25... Qg5 $17) 26. Re5 Rd5 {[%cal Oa4a3]} {Black continues to play with concentration.} 27. Ree1 (27. g3 $15) 27... Rh5 (27... a3 $17 28. Reb1 Rb5 29. Rxb5 Qxb5 (29... cxb5 30. Qe4 $17)) 28. Qd2 (28. Re5 $1 $15 Rxe5 29. dxe5) 28... Qc7 (28... Qd8 $19 {...Qh4 would now be deadly.} 29. Qf4 Rh4 {[%mdl 64] Deflection}) 29. Reb1 $2 {[%mdl 8192] [#]} ({White has to play} 29. Re5 $1 $15) 29... Qh2+ $19 30. Kf1 Rxh6 ({Less strong is} 30... a3 31. Ke2 $19) 31. Qe3 Rh5 32. Qf3 Qc7 33. g4 Rha5 34. Kg2 a3 35. Rh1 Rg5 {Black is clearly winning.} 36. Kf1 a2 37. Qe3 Rxg4 38. Qh6 f5 39. Qd2 Qb8 40. f3 Qf4 41. Qe2 Kg7 42. Rh3 Rg3 43. Rxg3 Qxg3 {[%mdl 4096] Endgame KQR-KQR. Black is 3 pawns up.} 44. Qe3 h5 {[#]} 45. c4 h4 46. d5 cxd5 47. cxd5 h3 48. Qc3+ Kh7 49. Qb2 {Against Qg2+} Qg2+ 50. Qxg2 hxg2+ 51. Kxg2 {Weighted Error Value: White=0.40/Black=0.22 (precise)} exd5 0-1

[Event "UzChess Cup Masters TB2"]
[Site "Tashkent UZB"]
[Date "2025.06.27"]
[Round "3"]
[White "Abdusattorov, Nodirbek"]
[Black "Sindarov, Javokhir"]
[Result "0-1"]
[Annotator "Tactical Analysis 7.0"]
[WhiteElo "2767"]
[BlackElo "2710"]
[PlyCount "86"]
[GameId "2193751766616534"]
[EventDate "2025.06.27"]

1. e4 e5 2. Nf3 Nc6 3. g3 Bc5 4. Bg2 d6 5. d3 a5 6. Nc3 {C44: Ponziani Opening and Scotch Gambit.} Nge7 7. O-O $146 ({Predecessor:} 7. Be3 Nd4 8. Bxd4 exd4 9. Ne2 Nc6 10. c3 Bg4 11. Nfxd4 Bxd4 12. f3 Bxf3 13. Bxf3 {1-0 Yang,J (2346)-Wongso,S (2207) Las Vegas National op 2025 (6)}) 7... O-O 8. Be3 {The position is equal.} Bg4 9. h3 Bxf3 10. Qxf3 Nd4 11. Qd1 c6 (11... f5 $142) 12. Kh2 a4 13. a3 Kh8 14. Ne2 Qb6 15. Nxd4 Bxd4 16. Bxd4 Qxd4 17. c3 Qb6 18. Qd2 d5 (18... c5 $11) 19. exd5 $1 $16 Nxd5 20. Rae1 f6 ({Black should try} 20... Rfe8 $14) 21. Re4 $1 Rfd8 22. Rh4 (22. Qe2 $16) 22... Ne7 23. Re1 c5 24. Be4 (24. Rhe4 $14) 24... f5 $15 25. Bg2 {[%cal Od2e3]} Qf6 (25... Ng6 $1 $15 26. Rh5 Qf6) 26. Qc2 $14 (26. Bxb7 Rab8 27. Bf3 e4 28. Bxe4 (28. Be2 $2 Ng6 $17) 28... Ng6 $17 (28... fxe4 29. Rhxe4 Ng8 30. R1e2 $15)) 26... h6 {[#]} (26... Qa6 $14) 27. Rxa4 (27. Bxb7 Rab8 $14) (27. Rc4 $1 $16) 27... Rxa4 28. Qxa4 {Hoping for Qb5.} Rxd3 29. Re2 (29. Bxb7 Rd2 30. Kg2 Rxb2 $15) (29. Qa8+ $16 Kh7 30. Qxb7 (30. Bxb7 Rd2 $17)) 29... b6 $11 30. Qe8+ Kh7 31. a4 (31. h4 $11 {deserves consideration.}) 31... e4 32. Qb5 {[#]} ({White should play} 32. h4 $15 Rd6 33. Bh3 (33. f3 Ng6 $17)) 32... Ng6 $1 $17 33. a5 bxa5 34. Qxc5 h5 35. h4 (35. Bxe4 $17 fxe4 36. Qxh5+ Kg8 37. Qxa5) 35... Ne5 $19 36. Bh3 $2 (36. Re1 {was called for.}) 36... Rd1 (36... Nf3+ $142 37. Kg2 g6 38. Qc7+ Kh6 39. Qf4+ Kg7) 37. Kg2 $2 (37. Bg2 {was forced.} a4 38. c4) 37... g6 {Black is clearly winning.} 38. Qc7+ Kh6 {Strongly threatening ...Nf3.} 39. Re3 Nf3 {[%csl Gf3][%cal Rd1g1]} 40. Qf4+ Kg7 {[%csl Gf3][%cal Rd1g1]} 41. Rxf3 exf3+ 42. Qxf3 Qd6 43. Qb7+ {Black used his chance.   Weighted Error Value: White=0.47/Black=0.21 (precise)} Qd7 0-1